000 00284 a2200109 4500
020 _a1888777923
040 _aDLC
245 0 4 _aThe 21st century world atlas
260 _aNew York :
_bTrident press international,
_c[1999]
300 _a751 s.
_a(751 s.) :
_bkartor
942 _cBK
_k912 TRI
_2ddc
999 _c4820
_d4820